Т. 60, № 8; Известия вузов. Радиофизика

Xehetasun bibliografikoak
Parent link:Известия вузов. Радиофизика: научно-технический журнал/ Российская Федерация, Министерство образования и науки ; Научно-исследовательский радиофизический институт (НИРФИ). Т. 60, № 8.— , 1958-
Gaia:Режим доступа: по договору с организацией-держателем ресурса
Hizkuntza:errusiera
Argitaratua: 2017
Sarrera elektronikoa:https://elibrary.ru/contents.asp?id=34540545
Formatua: MixedMaterials Baliabide elektronikoa Liburua
KOHA link:https://koha.lib.tpu.ru/cgi-bin/koha/opac-detail.pl?biblionumber=578894

MARC

LEADER 00000nam2a2200000 4500
001 578894
005 20231101130456.0
035 |a (RuTPU)RU\TPU\prd\278487 
035 |a RU\TPU\prd\278480 
090 |a 578894 
100 |a 20180626a19589999k y0rusy50 ca 
101 0 |a rus 
102 |a RU 
181 0 |a i  
182 0 |a b 
200 0 |a Т. 60, № 8  |b Электронный ресурс 
203 |a Текст  |c электронный 
210 |d 2017 
333 |a Режим доступа: по договору с организацией-держателем ресурса 
461 1 |0 (RuTPU)RU\TPU\prd\189  |t Известия вузов. Радиофизика  |o научно-технический журнал  |f Российская Федерация, Министерство образования и науки ; Научно-исследовательский радиофизический институт (НИРФИ)  |v Т. 60, № 8  |d 1958- 
801 0 |a RU  |b 63413507  |c 20010227  |g PSBO 
801 1 |a RU  |b 63413507  |c 20140414 
801 2 |a RU  |b 63413507  |c 20180626  |g RCR 
856 4 0 |u https://elibrary.ru/contents.asp?id=34540545 
942 |c BK